000
00315 a2200133 4500
082
_a
891.4393
090
_c
7173
_d
7173
100
_a
Aslam, Rahi
245
_a
Karwan-e-Qaza
_c
Aslam, Rahi
260
_a
Lahore
_b
Maqbool Academy
300
_a
512 p.
_c
22 cm.
650
_a
1. Urdu Literature
942
_c
BK
_k
891.4393 ASL
999
_c
10976
_d
10976